Rents, fund raising, swaps (Record no. 83838)

MARC details
000 -LEADER
fixed length control field 00843cab a22001935a 4500
001 - CONTROL NUMBER
control field L155249
008 - FIXED-LENGTH DATA ELEMENTS--GENERAL INFORMATION
fixed length control field 120313e2012 xxk 000 0 eng d
035 ## - SYSTEM CONTROL NUMBER
System control number (Sirsi) u155249
041 0# - LANGUAGE CODE
Language code of text/sound track or separate title eng
110 2# - MAIN ENTRY--CORPORATE NAME
Corporate name or jurisdiction name as entry element EuroProperty
9 (RLIN) 1216
245 00 - TITLE STATEMENT
Title Rents, fund raising, swaps
260 ## - PUBLICATION, DISTRIBUTION, ETC.
Date of publication, distribution, etc. 2012
490 #0 - SERIES STATEMENT
Series statement EuroProperty
Volume/sequential designation 5 March 2012, 31(1)
520 ## - SUMMARY, ETC.
Summary, etc. The crisis in the Eurozone periphery countries has continued to dominate the market which is likely to regard the Greek bailout as little more than a temporary palliative. Tables cover prime European rents/yields Q4 2011 and the EuroProperty capital raising update. Graph illustrates swap rates and the projected Eurobor interest rate, showing two-year rates and 10-year rates rising slightly.
590 ## - LOCAL NOTE (RLIN)
Local note KA
651 #4 - SUBJECT ADDED ENTRY--GEOGRAPHIC NAME
Geographic name Europe
690 ## - LOCAL SUBJECT ADDED ENTRY--TOPICAL TERM (OCLC, RLIN)
Topical term or geographic name as entry element Commercial property
9 (RLIN) 6227
942 ## - ADDED ENTRY ELEMENTS (KOHA)
Suppress in OPAC 0
Holdings
Withdrawn status Lost status Source of classification or shelving scheme Damaged status Not for loan Home library Current library Shelving location Date acquired Total Checkouts Full call number Barcode Date last seen Copy number Price effective from Koha item type
    Dewey Decimal Classification     London London Journal article 13/03/2012   L155249 155249-1001 06/08/2019 1 06/08/2019 Journal article